000 00691nam a2200205 a 4500
005 20160317140447.0
008 140317b1994 ag ||||fr|||| 00| 0 spa d
040 _aCO-BoIAVH
_cCO-BoIAVH
041 0 _aspa
044 _aag
082 0 4 _a551.302
_bH19e
090 _aLB
_b04266
100 1 _aHalloy, Stephan
245 1 3 _aLa erosión en los ecosistemas de montaña de Tucumán /
_cStephan Halloy
260 _aSan Miguel de Tucumán :
_bFundación Miguel Lillo,
_c1994
300 _a15 páginas :
_c28 x 18 centímetros
650 6 _aEcosistema
_xerosión
_zTucumán (Argentina)
650 6 _aEcosistema
_xmontaña
_xerosión
_zTucumán (Argentina)
942 _cLIBRO
_2ddc
999 _c4834
_d4834